<?xml version="1.0" encoding="UTF-8"?>
<marc:record xmlns:marc="http://www.loc.gov/MARC21/slim">
   <marc:leader>00000nam a2200000 a 4500</marc:leader>
   <marc:datafield ind1="1" ind2=" " tag="100">
      <marc:subfield code="a">Kästner, Erich</marc:subfield>
      <marc:subfield code="4">aut</marc:subfield>
      <marc:subfield code="e">Verfasser/-in</marc:subfield>
   </marc:datafield>
   <marc:datafield ind1=" " ind2=" " tag="653">
      <marc:subfield code="a">Zirkus</marc:subfield>
   </marc:datafield>
   <marc:datafield ind1=" " ind2=" " tag="653">
      <marc:subfield code="a">Freundschaft</marc:subfield>
   </marc:datafield>
   <marc:datafield ind1=" " ind2=" " tag="653">
      <marc:subfield code="a">phantastische Literatur</marc:subfield>
   </marc:datafield>
   <marc:datafield ind1=" " ind2=" " tag="653">
      <marc:subfield code="a">Entwicklungshilfe</marc:subfield>
   </marc:datafield>
   <marc:datafield ind1=" " ind2=" " tag="653">
      <marc:subfield code="a">Umwelt</marc:subfield>
   </marc:datafield>
   <marc:datafield ind1=" " ind2=" " tag="653">
      <marc:subfield code="a">Jugendalter</marc:subfield>
   </marc:datafield>
   <marc:datafield ind1="0" ind2="0" tag="245">
      <marc:subfield code="a">Der 35. Mai</marc:subfield>
   </marc:datafield>
   <marc:datafield ind1="0" ind2="0" tag="245">
      <marc:subfield code="b">oder Konrad reitet in die Südsee</marc:subfield>
   </marc:datafield>
   <marc:datafield ind1="0" ind2="0" tag="245">
      <marc:subfield code="c">Erich Kästner</marc:subfield>
   </marc:datafield>
   <marc:datafield ind1=" " ind2="1" tag="264">
      <marc:subfield code="a">Zürich</marc:subfield>
      <marc:subfield code="b">Atrium</marc:subfield>
      <marc:subfield code="c">1976</marc:subfield>
   </marc:datafield>
   <marc:datafield ind1=" " ind2=" " tag="250">
      <marc:subfield code="a">38. Auflage</marc:subfield>
   </marc:datafield>
   <marc:datafield ind1="1" ind2=" " tag="520">
      <marc:subfield code="a">Es ist der 35. Mai. An keinem anderen Tag  sonst hätten Konrad und sein Onkel so etwas  Unsinniges erleben können. Ein Besuch bei   Julius Caesar und Karl dem Großen, im Schla-  raffenland und noch einigen anderen Orten  mehr, bis schließlich an die Südsee;&lt;br/&gt;eine Unsinngeschichte, in der doch viel Sinn&lt;br/&gt;steckt.&lt;br/&gt;&lt;br/&gt;Ziele:&lt;br/&gt;- Nachdenken über die Menschen bzw. über die    Welt, in der wir leben&lt;br/&gt;- Phantasie wecken&lt;br/&gt;- Bewußtsein wecken&lt;br/&gt;&lt;br/&gt;Methodik des Einsatzes:&lt;br/&gt;Brainstorming machen über negative Einfälle  des Menschen, dann selber eine Geschichte er-&lt;br/&gt;finden&lt;br/&gt;Verschiedenes durchgehen: Was ist passiv -  was negativ - warum?&lt;br/&gt;&lt;br/&gt;Kritische Bewertung:&lt;br/&gt;E. Kästner versteht es, eine  Unsinngeschichte, die witzig und unterhaltend  ist, so zu gestalten, daß sie einen Sinn hat.  Sie regt zum Nachdenken an und gibt uns das  Gefühl, gleichzeitig etwas Witziges und  Ernstes konsumiert zu haben. &lt;br/&gt;  &lt;br/&gt; </marc:subfield>
   </marc:datafield>
   <marc:datafield ind1=" " ind2=" " tag="041">
      <marc:subfield code="a">ger</marc:subfield>
   </marc:datafield>
   <marc:datafield ind1=" " ind2=" " tag="300">
      <marc:subfield code="b">Lemke, Horst</marc:subfield>
   </marc:datafield>
   <marc:datafield ind1="1" ind2=" " tag="521">
      <marc:subfield code="a">0</marc:subfield>
   </marc:datafield>
   <marc:datafield ind1=" " ind2=" " tag="300">
      <marc:subfield code="a">157 S.</marc:subfield>
   </marc:datafield>
</marc:record>
